Estados Unidos y los conflictos internacionales

সংরক্ষণ করুন:
গ্রন্থ-পঞ্জীর বিবরন
সংস্থা লেখক: IEPALA
বিন্যাস: পাঠ‍্য
প্রকাশিত: Madrid: Fundamentos
ট্যাগগুলো: ট্যাগ যুক্ত করুন
কোনো ট্যাগ নেই, প্রথমজন হিসাবে ট্যাগ করুন!

MARC

LEADER 00000 a a2200000 04500
001 25496
003
040
020 |a 84-254-0437-2  
090 |a 152802  
110 |a IEPALA  
245 |a Estados Unidos y los conflictos internacionales  
260 |a Madrid:   |b Fundamentos  
300 |a 209 p.  
999 |c 1020  |d 1020